000 01304nam a2200241Ia 4500
003 Ost
005 20260416102354.0
008 260416s9999||||xx |||||||||||||| ||und||
040 _cfsecg
041 _aara
082 _a330
100 _aدراجي، كريمو
_eمؤلف
245 0 _aمحاضرات في الإقتصاد الجزائري /
_c كريمو دراجي
260 _aالجزائر
_bجامعة الجزائر3: كلية العلوم الإقتصادية، العلوم التجارية وعلوم التسيير
_c2017
300 _a100 ورقة
_bايضاحات
_c30 سم
504 _aمراجع ص.88
520 _aالاقتصاد الجزائري خلال الفترة 1962/1979، مرحلة الثمانينات و بداية التسعينات، برامج الانعاش و دعم النمو الاقتصادي بين (2001-2009)، اتفاق الشراكة مع الاتحاد الاوروبي، انضمام الجزائر الى المنظمة العالمية للتجارة .
653 _aالاقتصاد
653 _aالتجارة الخارجية
653 _aالجزائر
710 _aجامعة الجزائر3: كلية العلوم الإقتصادية، العلوم التجارية وعلوم التسيير
_eناشر علمي
942 _cHANDOUT
999 _c41139
_d41139